<?xml version="1.0" encoding="UTF-8"?>
<record
    xmlns:xsi="http://www.w3.org/2001/XMLSchema-instance"
    xsi:schemaLocation="http://www.loc.gov/MARC21/slim http://www.loc.gov/standards/marcxml/schema/MARC21slim.xsd"
    xmlns="http://www.loc.gov/MARC21/slim">

  <leader>03524nam a2200481 i 4500</leader>
  <controlfield tag="001">23107</controlfield>
  <controlfield tag="003">FINmELB</controlfield>
  <controlfield tag="005">20241216214047.0</controlfield>
  <controlfield tag="006">m     o  u        </controlfield>
  <controlfield tag="007">cr cn|||||||||</controlfield>
  <controlfield tag="008">220328t20162016mx abd fob    000 0 spa d</controlfield>
  <datafield tag="020" ind1=" " ind2=" ">
    <subfield code="a">978-607-628-141-3</subfield>
    <subfield code="q">(versi&#xF3;n electr&#xF3;nica)</subfield>
  </datafield>
  <datafield tag="020" ind1=" " ind2=" ">
    <subfield code="z">978-607-462-949-1</subfield>
    <subfield code="q">(versi&#xF3;n impresa)</subfield>
  </datafield>
  <datafield tag="035" ind1=" " ind2=" ">
    <subfield code="a">(OCoLC)1105527566</subfield>
  </datafield>
  <datafield tag="040" ind1=" " ind2=" ">
    <subfield code="a">FINmELB</subfield>
    <subfield code="b">spa</subfield>
    <subfield code="e">rda</subfield>
    <subfield code="c">FINmELB</subfield>
  </datafield>
  <datafield tag="043" ind1=" " ind2=" ">
    <subfield code="a">n-mx---</subfield>
  </datafield>
  <datafield tag="050" ind1=" " ind2="4">
    <subfield code="a">HM1126</subfield>
    <subfield code="b">.C664 2016</subfield>
  </datafield>
  <datafield tag="082" ind1="0" ind2="4">
    <subfield code="a">303.60972</subfield>
    <subfield code="2">23</subfield>
  </datafield>
  <datafield tag="245" ind1="0" ind2="0">
    <subfield code="a">Conflicto, resistencia y negociaci&#xF3;n en la historia /</subfield>
    <subfield code="c">Pilar Gonzalbo Aizpuru y Leticia Mayer Celis, editoras.</subfield>
  </datafield>
  <datafield tag="250" ind1=" " ind2=" ">
    <subfield code="a">Primera edici&#xF3;n.</subfield>
  </datafield>
  <datafield tag="264" ind1=" " ind2="1">
    <subfield code="a">Ciudad de M&#xE9;xico :</subfield>
    <subfield code="b">El Colegio de M&#xE9;xico, Centro de Estudios Hist&#xF3;ricos,</subfield>
    <subfield code="c">2016.</subfield>
  </datafield>
  <datafield tag="264" ind1=" " ind2="4">
    <subfield code="c">&#xA9;2016</subfield>
  </datafield>
  <datafield tag="300" ind1=" " ind2=" ">
    <subfield code="a">1 recurso en l&#xED;nea (443 p&#xE1;ginas) :</subfield>
    <subfield code="b">tablas, mapas, gr&#xE1;ficas</subfield>
  </datafield>
  <datafield tag="336" ind1=" " ind2=" ">
    <subfield code="a">texto</subfield>
    <subfield code="b">txt</subfield>
    <subfield code="2">rdacontent/spa</subfield>
  </datafield>
  <datafield tag="337" ind1=" " ind2=" ">
    <subfield code="a">computadora</subfield>
    <subfield code="b">c</subfield>
    <subfield code="2">rdamedia/spa</subfield>
  </datafield>
  <datafield tag="338" ind1=" " ind2=" ">
    <subfield code="a">recurso en l&#xED;nea</subfield>
    <subfield code="b">cr</subfield>
    <subfield code="2">rdacarrier/spa</subfield>
  </datafield>
  <datafield tag="504" ind1=" " ind2=" ">
    <subfield code="a">Incluye bibliograf&#xED;as.</subfield>
  </datafield>
  <datafield tag="505" ind1="0" ind2="0">
    <subfield code="t">&#xCD;ndice --</subfield>
    <subfield code="t">Presentaci&#xF3;n --</subfield>
    <subfield code="t">De cultura y conflictos. A manera de introducci&#xF3;n /</subfield>
    <subfield code="r">Pilar Gonzalbo Aizpuru --</subfield>
    <subfield code="t">S&#xED;mbolos y negociaciones --</subfield>
    <subfield code="t">Aceptaci&#xF3;n y negociaci&#xF3;n simb&#xF3;licas en el t&#xFA;mulo imperial de Carlos V (1559) /</subfield>
    <subfield code="r">Leticia Mayer Celis --</subfield>
    <subfield code="t">Conflictos y convivencia --</subfield>
    <subfield code="t">Acuerdos y desacuerdos en la convivencia familiar: suegros, nueras y yernos /</subfield>
    <subfield code="r">Teresa Lozano Armendares --</subfield>
    <subfield code="t">Ni&#xF1;os exp&#xF3;sitos. De la segregaci&#xF3;n a la integraci&#xF3;n (1767-1861) /</subfield>
    <subfield code="r">Claudia Ferreria Ascencio --</subfield>
    <subfield code="t">Conflictos conyugales durante el Porfiriato: los extranjeros y el divorcio de Francisco Cosmes /</subfield>
    <subfield code="r">Ana Lidia Garc&#xED;a Pe&#xF1;a --</subfield>
    <subfield code="t">Pol&#xED;ticas sanitarias y exclusi&#xF3;n: el caso de los chinos, 1902-1931 /</subfield>
    <subfield code="r">Ana Mar&#xED;a Carrillo --</subfield>
    <subfield code="t">Tradici&#xF3;n, modernidad y matrimonios clandestinos en la provincia de Venezuela, 1790-1818 /</subfield>
    <subfield code="r">Dora D&#xE1;vila Mendoza --</subfield>
    <subfield code="t">En defensa de su salario y honestidad. Conflicto, negociaci&#xF3;n y resistencia en el caso de mujeres dedicadas al servicio dom&#xE9;stico en la Oaxaca porfiriana /</subfield>
    <subfield code="r">Fabiola Bail&#xF3;n V&#xE1;squez --</subfield>
    <subfield code="t">Esas mujeres con corte a lo muchacho y con las piernas al aire. Las pelonas y la transformaci&#xF3;n de la feminidad en la ciudad de M&#xE9;xico, en la d&#xE9;cada de los veinte /</subfield>
    <subfield code="r">Nathaly Rodr&#xED;guez S&#xE1;nchez --</subfield>
    <subfield code="t">La negociaci&#xF3;n como respuesta --</subfield>
    <subfield code="t">El grano de la discordia: indios, ladinos y trigo en los valles de Teopisca /</subfield>
    <subfield code="r">&#xD3;scar Barrera Aguilera --</subfield>
    <subfield code="t">Enrique de Olavarr&#xED;a y Ferrari, heredero de un conflicto (1869-1896) /</subfield>
    <subfield code="r">Miguel &#xC1;ngel V&#xE1;squez Mel&#xE9;ndez --</subfield>
    <subfield code="t">Conflicto y negociaci&#xF3;n. Las escuelas fronterizas federales en M&#xE9;xico en la posrevoluci&#xF3;n (1920-1940) /</subfield>
    <subfield code="r">Engracia Loyo Bravo.</subfield>
  </datafield>
  <datafield tag="588" ind1=" " ind2=" ">
    <subfield code="a">Descripci&#xF3;n basada en metadatos suministrados por el editor y otras fuentes.</subfield>
  </datafield>
  <datafield tag="590" ind1=" " ind2=" ">
    <subfield code="a">Recurso electr&#xF3;nico. Santa Fe, Arg.: elibro, 2022. Disponible v&#xED;a World Wide Web. El acceso puede estar limitado para las bibliotecas afiliadas a elibro.</subfield>
  </datafield>
  <datafield tag="650" ind1=" " ind2="4">
    <subfield code="a">Conflictos interpersonales</subfield>
    <subfield code="z">M&#xE9;xico</subfield>
    <subfield code="x">Historia.</subfield>
  </datafield>
  <datafield tag="650" ind1=" " ind2="0">
    <subfield code="a">Mediation.</subfield>
  </datafield>
  <datafield tag="650" ind1=" " ind2="0">
    <subfield code="a">Conflict management.</subfield>
  </datafield>
  <datafield tag="650" ind1=" " ind2="4">
    <subfield code="a">Conflicto social</subfield>
    <subfield code="z">M&#xE9;xico</subfield>
    <subfield code="x">Historia.</subfield>
  </datafield>
  <datafield tag="650" ind1=" " ind2="4">
    <subfield code="a">Relaciones interpersonales y cultura</subfield>
    <subfield code="z">M&#xE9;xico</subfield>
    <subfield code="x">Historia.</subfield>
  </datafield>
  <datafield tag="650" ind1=" " ind2="4">
    <subfield code="a">Negociaci&#xF3;n</subfield>
    <subfield code="z">M&#xE9;xico</subfield>
    <subfield code="x">Historia.</subfield>
  </datafield>
  <datafield tag="650" ind1=" " ind2="4">
    <subfield code="a">Mediaci&#xF3;n</subfield>
    <subfield code="z">M&#xE9;xico</subfield>
    <subfield code="x">Historia.</subfield>
  </datafield>
  <datafield tag="655" ind1=" " ind2="4">
    <subfield code="a">Libros electr&#xF3;nicos.</subfield>
  </datafield>
  <datafield tag="700" ind1="1" ind2=" ">
    <subfield code="a">Gonzalbo, Pilar,</subfield>
    <subfield code="d">1935-</subfield>
    <subfield code="e">editor.</subfield>
  </datafield>
  <datafield tag="700" ind1="1" ind2=" ">
    <subfield code="a">Mayer Celis, Leticia,</subfield>
    <subfield code="e">editor.</subfield>
  </datafield>
  <datafield tag="797" ind1="2" ind2=" ">
    <subfield code="a">elibro, Corp.</subfield>
  </datafield>
  <datafield tag="856" ind1="4" ind2="0">
    <subfield code="u">https://elibro.net/ereader/politecnicointernacional/194953</subfield>
  </datafield>
  <datafield tag="999" ind1=" " ind2=" ">
    <subfield code="c">23107</subfield>
    <subfield code="d">23107</subfield>
  </datafield>
</record>
